Africa: Geography and more by Letter C - Statistics

General Stats
  • This quiz has been taken 190 times
  • The average score is 14 of 19
Answer Stats
Hint Answer % Correct
Capital of Egypt Cairo
99%
Biggest City in Morocco Casablanca
96%
One of the Capitals of South Africa Capetown
95%
Country south of Libya Chad
95%
Most water-rich river of Africa Congo
95%
Island Country in the Indian Ocean Comoros
93%
A truly "Central" State Central African Republic
90%
Country East of Nigeria Cameroon
89%
Atlantic Island Country Cape Verde
88%
Between Liberia and Ghana Cote d'Ivory
79%
Capital of Guinea Conakry
72%
Name of the Cape at South Africa Cape of Good Hope
71%
Former Zaire Congo, Democratic Republic of the
71%
Old city-state having fought the so called Punic-Wars with Italy Carthage
68%
Seat of the Government in Benin Cotonou
43%
Big Lake with massive loss of water since 1963 (Please type in Full Name) Lake Chad
38%
Northern Neighbor of the Country above Congo, Republic of the
35%
Existentialistic writer born in Algeria, being French-Algerian, Nobel Prize 1957 Albert Camus
25%
Once upon a time in the West-Actress from Italy, but born in Tunisia Claudia Cardinale
13%
No matching quizzes found
Score Distribution
Percent of People with Each Score
Percentile by Number Answered
Your Score History
You have not taken this quiz